| 000 | 01824nam0a2200361 4500 | ||
|---|---|---|---|
| 001 | RU\NLR\BIBL_A\022548269 | ||
| 005 | 20260420044814.0 | ||
| 010 |
_a978-5-04-206217-9 _94000 |
||
| 021 |
_aRU _bКН-П-25-019640 _9КН-П-25-1983 |
||
| 035 | _a(NLR Aleph) 022548269 | ||
| 090 |
_a13673102 _c13673102 |
||
| 100 | _a20250522d2025 u y0rusy50 ca | ||
| 101 | 1 |
_arus _cjpn |
|
| 102 | _aRU | ||
| 105 | _aa z 000ay | ||
| 181 | 0 |
_ai3 _baxxe |
|
| 182 | 0 | _an | |
| 200 | 1 |
_aТанцовщица _e[сборник] _fМори Огай _gперевод с японского Галины Ивановой и Бориса Лаврентьева |
|
| 203 |
_aТекст _bвизуальный _cнепосредственный |
||
| 210 |
_aМосква _cЭксмо _d2025 |
||
| 215 |
_a314, [3] с. _cил. _d19 |
||
| 225 | 1 |
_aМаскот _eпутешествие в Азию с белым котом |
|
| 327 | 0 | _aСодерж.: Танцовщица; рассказы: Ханако; В процессе реконструкции; Семейство Абэ; Месть в Годзиигахаре; Инцидент в Сакаи; Госпожа Ясуи; Последняя фраза; Сансё, хозяин Исиуры; Старая чета [и др.] | |
| 333 | _a16+ | ||
| 686 | 1 | _aШ6(5Я)57-440.5{Лх2316} | |
| 700 | 1 |
_7ca _8rus _aМори _bО. _f1862-1922 _gОгай _9122691 _3RU\NLR\AUTH\7712983 |
|
| 702 | 1 |
_4730 _7ca _8rus _aИванова _bГ. Д. _cканд. филол. наук, японовед _f1927-1999 _gГалина Дмитриевна _92674923 _3RU\NLR\AUTH\770283524 |
|
| 702 | 1 |
_aЛаврентьев _bБ. П. _f1929- _gБорис Павлович _4730 |
|
| 942 | _cBOOK | ||
| 980 | _aNB | ||